LEADER 01323nam 2200433 450 001 9910149185803321 005 20230828224129.0 010 $a1-63459-148-8 035 $a(CKB)3710000000932986 035 $a(MiAaPQ)EBC5245160 035 $a(EXLCZ)993710000000932986 100 $a20180312h20062006 uy 0 101 0 $aeng 135 $aurcnu|||||||| 181 $2rdacontent 182 $2rdamedia 183 $2rdacarrier 200 10$aBankruptcy and related law $eincluding BAPCPA /$fby Steve H. Nickles, David G. Epstein 205 $aSecond edition. 210 1$aSt. Paul, Minnesota :$cThomson/West,$d2006. 210 4$dİ2006 215 $a1 online resource (433 pages) 311 $a0-314-06579-2 410 0$aBlack letter outlines. 606 $aDebtor and creditor$zUnited States$vOutlines, syllabi, etc 606 $aBankruptcy$zUnited States$vOutlines, syllabi, etc 615 0$aDebtor and creditor 615 0$aBankruptcy 676 $a346.73077 700 $aNickles$b Steve H.$f1949-$01236461 701 $aEpstein$b David G.$f1943-$0247061 701 $aNickles$b Steve H.$f1949-$01236461 801 0$bMiAaPQ 801 1$bMiAaPQ 801 2$bMiAaPQ 906 $aBOOK 912 $a9910149185803321 996 $aBankruptcy and related law$92875331 997 $aUNINA LEADER 00609ojm 2200229z- 450 001 9910151953003321 005 20230913112557.0 010 $a1-68262-649-0 035 $a(CKB)3710000000953645 035 $a(BIP)052981648 035 $a(EXLCZ)993710000000953645 100 $a20231107c2016uuuu -u- - 101 0 $aeng 200 10$aClaudia, Volume 11 210 $cDreamscape Media 610 $aPerforming Arts 610 $aRadio Broadcasts (General) 702 $aThurber$b James$f1894-1961$4oth 906 $aAUDIO 912 $a9910151953003321 996 $aClaudia, Volume 11$93586722 997 $aUNINA LEADER 03412nam 2200661 450 001 9910786397303321 005 20230801230624.0 010 $a1-58826-946-9 024 7 $a10.1515/9781588269461 035 $a(CKB)2670000000347695 035 $a(EBL)3329088 035 $a(SSID)ssj0001042318 035 $a(PQKBManifestationID)12423671 035 $a(PQKBTitleCode)TC0001042318 035 $a(PQKBWorkID)11050099 035 $a(PQKB)11095213 035 $a(MiAaPQ)EBC3329088 035 $a(Au-PeEL)EBL3329088 035 $a(CaPaEBR)ebr10913706 035 $a(OCoLC)929119982 035 $a(DE-B1597)623270 035 $a(DE-B1597)9781588269461 035 $a(EXLCZ)992670000000347695 100 $a20140901h20122012 uy 0 101 0 $aeng 135 $aur|n|---||||| 181 $ctxt 182 $cc 183 $acr 200 10$aBeing female $ethe continuum of sexualization /$fJennifer K. Wesely 210 1$aBoulder, Colorado ;$aLondon, [England] :$cLynne Rienner Publishers,$d2012. 210 4$dİ2012 215 $a1 online resource (183 p.) 300 $aDescription based upon print version of record. 311 $a1-58826-832-2 320 $aIncludes bibliographical references and index. 327 $a""Book Title""; ""Table of Contents""; ""1-The Continuumof Sexualization""; ""The Continuum of Sexualization Concept""; ""Outline of the Book""; ""2-Gender Socialization in Todaya???s Culture""; ""Gender Socialization""; ""Embodiment""; ""Sexualization""; ""Complicating Gender Identity""; ""The Media and Pornified Sexualization""; ""3-The Processes of Sexualization""; ""Sexual Abuse and Violence""; ""Raising the Risks""; ""Case Study One: Exotic Dancers""; ""Case Study Two: Homeless Women""; ""Context and the Continuum""; ""4-Personal and Social Consequences""; ""Starting with Sexualization"" 327 $a""Intracontinuum: Sexual Violence as an Effect of Pornified Sexualization""""Consequences of Sexual Violence""; ""Interplay Along the Continuum of Sexualization""; ""5-Tracing Pathways to Victimization""; ""Relationship and Family Ideals""; ""Limited Options and Victimization""; ""Perpetration""; ""Accumulating Effects""; ""6-How Can We Stop Failing Girls and Women?""; ""Healthy Growth""; ""Resilience""; ""Risk, Realized""; ""The End Result""; ""7-A Challenge to Our Society""; ""Context""; ""Appendix: Methods for Qualitative Interviews""; ""Bibliography""; ""Index""; ""About the Book"" 330 $aIt is often said that sex sells, but who pays the price? Jennifer Wesely probes the sources and consequences of sexualization in girls' and women's lives. Offering new insights into an enduring problem, she documents the increasingly pervasive and powerful nature of raunch culture and demonstrates how females are being sexualized in ways that are more extreme and damaging than ever before. 606 $aSex role 606 $aSexism 606 $aSex crimes 606 $aWomen$xIdentity 606 $aWomen$xSexual behavior 615 0$aSex role. 615 0$aSexism. 615 0$aSex crimes. 615 0$aWomen$xIdentity. 615 0$aWomen$xSexual behavior. 676 $a305.3 700 $aWesely$b Jennifer K.$01471352 801 0$bMiAaPQ 801 1$bMiAaPQ 801 2$bMiAaPQ 906 $aBOOK 912 $a9910786397303321 996 $aBeing female$93683629 997 $aUNINA